Genoa CFC Squad 2021-2022 - Statistics

General Stats
  • This quiz has been taken 78 times
    57 since last reset
  • The average score is 20 of 47
Answer Stats
# Position Nation Player % Correct
19 FW North Macedonia Goran Pandev
87%
- Coach Ukraine Andriy Shevchenko
77%
57 GK Italy Salvatore Sirigu
77%
4 DF Italy Domenico Criscito
74%
91 FW Sierra Leone Yayah Kallon
74%
20 FW Ghana Caleb Ekuban
71%
15 DF Mexico Johan Vásquez
71%
13 DF Italy Mattia Bani
65%
- Coach Germany Alexander Blessin
58%
55 DF Norway Leo Østigård
58%
47 MF Croatia Milan Badelj
58%
1 GK Croatia Adrian Šemper
55%
11 FW Iceland Albert Guðmundsson
55%
- Coach Italy Davide Ballardini
55%
32 MF Denmark Morten Frendrup
55%
36 DF Switzerland Silvan Hefti
55%
14 DF Italy Davide Biraschi
48%
9 FW Ecuador Felipe Caicedo
48%
23 FW Italy Mattia Destro
48%
93 MF Algeria Mohamed Fares
48%
8 MF Germany Nadiem Amiri
48%
65 MF Italy Nicolò Rovella
48%
45 FW Italy Kelvin Yeboah
45%
10 MF Italy Filippo Melegoni
42%
93 MF Chile Pablo Galdames
39%
3 DF Belgium Zinho Vanheusden
39%
- Coach France Abdoulay Konko
35%
50 DF Italy Andrea Cambiaso
35%
90 MF Italy Manolo Portanova
35%
52 DF Serbia Nikola Maksimović
35%
2 DF Italy Stefano Sabelli
35%
27 MF Italy Stefano Sturaro
35%
11 MF Switzerland Valon Behrami
35%
94 MF France Abdoulaye Touré
29%
5 DF Italy Andrea Masiello
29%
33 MF Brazil Hernani
29%
9 FW Italy Roberto Piccoli
29%
22 GK Italy Federico Marchetti
26%
21 DF Serbia Ivan Radovanović
26%
44 FW Poland Aleksander Buksa
23%
18 MF Italy Paolo Ghiglione
23%
16 DF Italy Riccardo Calafiori
19%
24 FW Italy Flavio Bianchi
16%
8 MF Italy Francesco Cassata
13%
66 DF Italy Laurens Serpe
13%
17 DF Germany Lennart Czyborra
13%
35 GK Italy Lorenzo Andrenacci
6%
No matching quizzes found
Score Distribution
Percent of People with Each Score
Percentile by Number Answered
Your Score History
You have not taken this quiz since the last reset